Loading...
| Religion | 0 | 6 | 0 | 0 | 60 | 53 | 96.50 | 0 | 3 | 0.00 | 0.00 |
| History - World | 0 | 5 | 0 | 2 | 50 | 82 | 116.00 | 0 | 0 | 0.00 | 0.00 |
| Literature - World | 0 | 5 | 1 | 0 | 45 | 29 | 111.80 | 1 | 1 | 0.00 | 0.00 |
| Philosophy | 0 | 4 | 0 | 1 | 40 | 61 | 96.75 | 0 | 0 | 0.00 | 0.00 |
| Literature - British | 0 | 4 | 0 | 2 | 40 | 135 | 142.25 | 0 | 0 | 0.00 | 0.00 |
| Social Science | 0 | 3 | 0 | 0 | 30 | 65 | 82.00 | 1 | 1 | 0.00 | 0.00 |
| History - Other | 0 | 3 | 1 | 1 | 25 | 78 | 107.67 | 0 | 1 | 0.00 | 0.00 |
| Literature - European | 0 | 2 | 0 | 1 | 20 | 116 | 133.00 | 0 | 0 | 0.00 | 0.00 |
| Current Events | 0 | 2 | 0 | 0 | 20 | 74 | 80.00 | 0 | 0 | 0.00 | 0.00 |
| History - European | 0 | 2 | 0 | 1 | 20 | 61 | 98.00 | 1 | 1 | 0.00 | 0.00 |
| Science - Other | 0 | 2 | 1 | 0 | 15 | 99 | 102.50 | 0 | 0 | 0.00 | 0.00 |
| Science - Biology | 0 | 1 | 0 | 0 | 10 | 103 | 103.00 | 0 | 0 | 0.00 | 0.00 |
| Other Academic | 0 | 1 | 0 | 0 | 10 | 118 | 118.00 | 0 | 0 | 0.00 | 0.00 |
| Fine Arts - Classical Music | 0 | 1 | 0 | 1 | 10 | 121 | 121.00 | 0 | 0 | 0.00 | 0.00 |
| Mythology | 0 | 1 | 1 | 0 | 5 | 115 | 115.00 | 0 | 0 | 0.00 | 0.00 |
| Fine Arts - Painting and Sculpture | 0 | 0 | 0 | 0 | 0 | 0.00 | 0 | 0 | 0.00 | 0.00 | |
| Literature - American | 0 | 0 | 0 | 0 | 0 | 0.00 | 0 | 0 | 0.00 | 0.00 | |
| Science - Physics | 0 | 1 | 2 | 1 | 0 | 117 | 117.00 | 0 | 0 | 0.00 | 0.00 |